000 01011nam a2200241 a 4500
001 71501
003 BD-RjUL
005 20211209082126.0
008 170504s1985 bg ||||| |||| 001 0 ben d
020 _c: Tk. 200.00
035 _a(BD-RjUL)71717
040 _aBD-RjUL
_bben
_cBD-RjUL
_dBD-RjUL
041 _aben
082 _223
_a891.44092
_bMAG 1985
100 _aহায়াৎ, মাহমুদ
_9126049
245 1 0 _aগেরাসিম স্তেপানোভিচ লিয়েবেদেফ /
_cমামুদ হায়াৎ
260 _aঢাকা :
_bবাংলা একাডেমী,
_c১৯৮৫
300 _a৪৬৪ পৃ. ;
_c২৩ সেমি.
500 _aনির্ঘণ্ট সংযুক্ত
600 _aলিয়েবেদেফ, গেরাসিম স্তেপানোভিচ
_d১৮৯৯-১৯৭৬
_xজীবনী
_9211533
600 _aLiebedephe, Gerasim Steapnovich
_d1749-1817
_xBiography
_9211534
942 _2ddc
_cBK
999 _c71501
_d71501